000 00823 a2200181 4500
003 Nust
005 20170207153201.0
040 _cNust
082 _a621.31934
245 _aReference data and general information for cable users
_cStandard Telephones & Cables Limited
250 _a2nd ed
260 _aAldwych
_bLondon
_c1990
300 _a36 p
505 _aCable Size Formula (Page-1), Circular Conductors, Sectional Area Weight And Resistance (Page-13), Conductors For Flexible Cords (Page-15), Conversion Table (Page-16), Current For AC Motors (Page-20), Current For D.C. Motors (Page-21), Fuse Wire Table (Page-24), Thickness Of Bedding, Armoring And Overall Serving (Page-36).
538 _aAlmirah No.32 Shelf No 1
600 _aStandard Telephones
650 _aReference data and gneral information for cable users
942 _2ddc
_cBK
999 _c180977
_d180977